Derecho privado romano. Acciones, casos, instituciones.

Guardado en:
Detalles Bibliográficos
Autor principal: García Garrido, Manuel Jesús (autor)
Formato: Libro
Lenguaje:inglés
Publicado: Madrid, España: Dykinson, 1988.
Edición:Cuarta edición reformada.
Materias:
Etiquetas: Agregar Etiqueta
Sin Etiquetas, Sea el primero en etiquetar este registro!

MARC

LEADER 00000nam a22000007a 4500
003 CL-VaPUC
005 20220822114815.0
008 220804t1988 ||||| |||| 00| 0 eng d
999 |c 437973  |d 437971 
020 |a 84-86133-45-9 
040 |c Pontificia Universidad Católica de Valparaíso 
082 |a 340.54 GAR 1988  |2 22 
100 |a García Garrido, Manuel Jesús  |e autor  |9 573676 
245 1 0 |a Derecho privado romano.  |b Acciones, casos, instituciones.  
250 |a Cuarta edición reformada.  
260 |a Madrid, España:  |b Dykinson,   |c 1988. 
300 |a 1016 páginas.  
500 |a c.1: Donación Familia Prof. Alejandro Guzmán Brito. 
583 |a last modification  |c 19961230 00:00:00  |k Yessy Sthefany Diaz Vidal 
650 0 |a Derecho romano  |9 255930 
650 0 |a Derecho privado  |9 258243  |z Roma  
942 |c BK  |2 ddc  |n 0 
952 |0 0  |1 0  |2 ddc  |4 0  |6 340_540000000000000_GAR_1988  |7 0  |8 C_AGB  |9 585832  |a BIBDER  |b BIBDER  |d 2022-08-04  |e Donación   |i 5652200  |l 2  |o 340.54 GAR 1988  |p 5652200  |r 2024-11-06  |s 2024-11-06  |t 1  |w 2022-08-04  |y BK_US  |k AGB